Science Quiz

Random Science or Elements Quiz

Elements Cryptogram Quiz Stats

 Plays Quiz not verified by Sporcle

Challenge
Share
Tweet
Embed
Score 0/118 Timer 20:00
0 Plays Today
cryptogram element % Correct
jcgtin
88.3%
gsbgneon
84%
cnbgiron
78.5%
ebvwgold
75.5%
vsqwlead
69.9%
pcgzzinc
66.9%
bolesgoxygen
66.3%
qnebgargon
63.2%
abnbgboron
62%
osgbgxenon
61.3%
nqwbgradon
58.9%
gczfsvnickel
55.2%
zbyysncopper
52.8%
jcjqgcmttitanium
52.1%
cgwcmtindium
51.5%
cncwcmtiridium
51.5%
zbaqvjcobalt
50.9%
ljjncmtyttrium
50.9%
cbwcgsiodine
50.3%
ucvisnsilver
50.3%
zqnabgcarbon
49.7%
zsucmtcesium
48.5%
snacmterbium
47.9%
nqwcmtradium
47.2%
dsvcmthelium
46.6%
vcjdcmtlithium
46.6%
dlwnbesghydrogen
46%
gcjnbesgnitrogen
46%
butcmtosmium
45.4%
ucvczbgsilicon
45.4%
ubwcmtsodium
45.4%
ljjsnacmtytterbium
44.8%
ndsgcmtrhenium
44.2%
jsnacmtterbium
44.2%
anbtcgsbromine
43.6%
eqvvcmtgallium
43.6%
aqncmtbarium
42.9%
acutmjdbismuth
42.9%
zsncmtcerium
42.9%
jqgjqvmttantalum
42.9%
cryptogram element % Correct
zqwtcmtcadmium
42.3%
jdqvvcmtthallium
42.3%
zmncmtcurium
41.7%
usvsgcmtselenium
41.7%
gcbacmtniobium
41.1%
mgmgusyjcmtununseptium
41.1%
mgmgjncmtununtrium
41.1%
qgjctbglantimony
40.5%
qnusgczarsenic
40.5%
tqegsucmtmagnesium
40.5%
tsnzmnlmercury
40.5%
mgmgbzjcmtununoctium
40.5%
asnlvvcmtberyllium
39.9%
dquucmthassium
39.9%
umvxmnsulfur
39.9%
jdbncmtthorium
39.9%
jmgeujsgtungsten
39.9%
zqvzcmtcalcium
39.3%
tqgeqgsusmanganese
39.3%
mnqgcmturanium
39.3%
qzjcgcmtactinium
38.7%
yvqjcgmtplatinum
38.7%
zdvbncgschlorine
38%
abdncmtbohrium
37.4%
dbvtcmtholmium
37.4%
wmagcmtdubnium
36.2%
xsntcmtfermium
36.2%
gbasvcmtnobelium
36.2%
yqvvqwcmtpalladium
36.2%
ndbwcmtrhodium
36.2%
nmacwcmtrubidium
36.2%
jsvvmncmttellurium
36.2%
jdmvcmtthulium
36.2%
mgmgysgjcmtununpentium
36.2%
qujqjcgsastatine
35.6%
esntqgcmtgermanium
35.6%
yvmjbgcmtplutonium
35.6%
uzqgwcmtscandium
35.6%
gsyjmgcmtneptunium
35%
uqtqncmtsamarium
35%
cryptogram element % Correct
xvsnbicmtflerovium
35%
qtsnczcmtamericium
34.4%
zdnbtcmtchromium
34.4%
vqknsgzcmtlawrencium
34.4%
tscjgsncmtmeitnerium
34.4%
nmjdsgcmtruthenium
34.4%
scgujscgcmteinsteinium
33.7%
vmjsjcmtlutetium
33.7%
ybvbgcmtpolonium
33.7%
qvmtcgmtaluminum
33.1%
xvmbncgsfluorine
33.1%
fnlyjbgkrypton
33.1%
ybjquucmtpotassium
33.1%
ynbtsjdcmtpromethium
33.1%
ujnbgjcmtstrontium
31.9%
jszdgsjcmttechnetium
31.9%
vcisntbncmtlivermorium
31.9%
xnqgzcmtfrancium
31.3%
eqwbvcgcmtgadolinium
31.3%
dqxgcmthafnium
30.7%
nmjdsnxbnwcmtrutherfordium
30.7%
iqgqwcmtvanadium
30.7%
wluynbucmtdysprosium
30.1%
smnbycmteuropium
30.1%
tsgwsvsicmtmendelevium
30.1%
tbvlawsgmtmolybdenum
30.1%
gsbwltcmtneodymium
30.1%
usqabnecmtseaborgium
30.1%
pcnzbgcmtzirconium
30.1%
asnfsvcmtberkelium
28.2%
wqntujqwjcmtdarmstadtium
28.2%
ydbuydbnmuphosphorus
28.2%
nbsgjesgcmtroentgenium
28.2%
vqgjdqgmtlanthanum
27%
zbysngczcmtcopernicium
25.8%
ynqusbwltcmtpraseodymium
24.5%
ynbjqzjcgcmtprotactinium
22.7%
zqvcxbngcmtcalifornium
19%

You're not logged in!

Compare scores with friends on all Sporcle quizzes.
Join for Free
OR
Log In

You Might Also Like...

Show Comments

Extras

Top Quizzes Today


Score Distribution

Your Account Isn't Verified!

In order to create a playlist on Sporcle, you need to verify the email address you used during registration. Go to your Sporcle Settings to finish the process.

Report this User

Report this user for behavior that violates our Community Guidelines.

Details: